Statistics for Country by Symbol

Click here to take the quiz!

General Stats

  • This quiz has been taken 41 times
  • The average score is 244 of 256

Answer Stats

QuestionTileSelect% Correct
IsraelNo
100%
ChinaNo
100%
GermanyNo
100%
GermanyNo
100%
GermanyNo
100%
IsraelNo
100%
GermanyNo
100%
GermanyNo
100%
GermanyNo
100%
ChinaNo
100%
ChinaNo
100%
SwitzerlandNo
100%
SwitzerlandNo
100%
SwitzerlandNo
100%
SwitzerlandNo
100%
GermanyNo
100%
SwitzerlandNo
100%
SwitzerlandNo
100%
SwitzerlandNo
100%
SwitzerlandNo
100%
ChinaNo
100%
SwitzerlandNo
100%
SwitzerlandNo
100%
SwitzerlandNo
100%
SwitzerlandNo
100%
ChinaNo
100%
ChinaNo
100%
ChinaNo
100%
ChinaNo
100%
GermanyNo
100%
GermanyNo
100%
ChinaNo
100%
IsraelNo
100%
IsraelNo
100%
IsraelNo
100%
EnglandNo
100%
IsraelNo
100%
EnglandNo
100%
IsraelNo
100%
EnglandNo
100%
EnglandNo
100%
EnglandNo
100%
EnglandNo
100%
IsraelNo
100%
IsraelNo
100%
EnglandNo
100%
IsraelNo
100%
IsraelNo
100%
IsraelNo
100%
IsraelNo
100%
IsraelNo
100%
IsraelNo
100%
EgyptNo
97%
EgyptNo
97%
IndiaNo
97%
New ZealandNo
97%
New ZealandNo
97%
New ZealandNo
97%
New ZealandNo
97%
New ZealandNo
97%
New ZealandNo
97%
New ZealandNo
97%
New ZealandNo
97%
New ZealandNo
97%
New ZealandNo
97%
New ZealandNo
97%
EgyptNo
97%
New ZealandNo
97%
New ZealandNo
97%
New ZealandNo
97%
EgyptNo
97%
EgyptNo
97%
AustraliaNo
97%
AustraliaNo
97%
AustraliaNo
97%
AustraliaNo
97%
AustraliaNo
97%
AustraliaNo
97%
AustraliaNo
97%
AustraliaNo
97%
AustraliaNo
97%
AustraliaNo
97%
AustraliaNo
97%
EgyptNo
97%
AustraliaNo
97%
AustraliaNo
97%
EgyptNo
97%
EgyptNo
97%
IndiaNo
97%
EgyptNo
97%
EgyptNo
97%
EgyptNo
97%
EgyptNo
97%
EgyptNo
97%
IndiaNo
97%
IrelandNo
97%
IndiaNo
97%
JapanNo
97%
IrelandNo
97%
IrelandNo
97%
IrelandNo
97%
IrelandNo
97%
IrelandNo
97%
IrelandNo
97%
IrelandNo
97%
IrelandNo
97%
JapanNo
97%
IrelandNo
97%
JapanNo
97%
JapanNo
97%
JapanNo
97%
JapanNo
97%
JapanNo
97%
JapanNo
97%
JapanNo
97%
JapanNo
97%
JapanNo
97%
IrelandNo
97%
IrelandNo
97%
IndiaNo
97%
RussiaNo
97%
IndiaNo
97%
IndiaNo
97%
IndiaNo
97%
IndiaNo
97%
IndiaNo
97%
IndiaNo
97%
RussiaNo
97%
RussiaNo
97%
RussiaNo
97%
RussiaNo
97%
IrelandNo
97%
RussiaNo
97%
RussiaNo
97%
RussiaNo
97%
RussiaNo
97%
RussiaNo
97%
RussiaNo
97%
RussiaNo
97%
FranceNo
97%
IrelandNo
97%
AustraliaNo
97%
FranceNo
97%
FranceNo
97%
Middle East / MaghrebNo
97%
LesothoNo
97%
LesothoNo
97%
LesothoNo
97%
LesothoNo
97%
LesothoNo
97%
LesothoNo
97%
Middle East / MaghrebNo
97%
LesothoNo
97%
Middle East / MaghrebNo
97%
Middle East / MaghrebNo
97%
Middle East / MaghrebNo
97%
Middle East / MaghrebNo
97%
Middle East / MaghrebNo
97%
Middle East / MaghrebNo
97%
LesothoNo
97%
LesothoNo
97%
Middle East / MaghrebNo
97%
GermanyNo
97%
IsraelYes
97%
EnglandNo
97%
EnglandNo
97%
EnglandNo
97%
GermanyNo
97%
GermanyNo
97%
GermanyNo
97%
ChinaNo
97%
GermanyNo
97%
SwitzerlandNo
97%
SwitzerlandNo
97%
SwitzerlandNo
97%
ChinaNo
97%
ChinaNo
97%
Middle East / MaghrebNo
97%
LesothoNo
97%
JapanNo
97%
Middle East / MaghrebNo
97%
CanadaNo
97%
CanadaNo
97%
CanadaNo
97%
CanadaNo
97%
CanadaNo
97%
CanadaNo
97%
CanadaNo
97%
FranceNo
97%
FranceNo
97%
CanadaNo
97%
FranceNo
97%
FranceNo
97%
FranceNo
97%
FranceNo
97%
CanadaNo
97%
CanadaNo
97%
CanadaNo
97%
FranceNo
97%
CanadaNo
97%
CanadaNo
97%
FranceNo
97%
CanadaNo
97%
CanadaNo
97%
FranceNo
97%
IrelandNo
95%
EnglandNo
95%
FranceNo
95%
JapanNo
95%
JapanNo
95%
EnglandNo
95%
ChinaNo
95%
FranceNo
95%
ChinaNo
95%
JapanNo
95%
EnglandNo
95%
EnglandNo
95%
Middle East / MaghrebNo
95%
RussiaNo
95%
LesothoNo
95%
RussiaNo
95%
LesothoNo
95%
IndiaNo
95%
Middle East / MaghrebNo
95%
IndiaNo
95%
LesothoNo
95%
IndiaNo
95%
IndiaNo
95%
Middle East / MaghrebNo
95%
LesothoNo
95%
GermanyNo
92%
EgyptNo
92%
RussiaNo
92%
Middle East / MaghrebNo
92%
LesothoNo
92%
FranceNo
89%
EgyptNo
89%
CanadaYes
82%
SwitzerlandYes
82%
GermanyYes
82%
ChinaNo
79%
New ZealandNo
76%
AustraliaNo
76%
IrelandYes
74%
EnglandNo
68%
IndiaYes
68%
Middle East / MaghrebYes
68%
JapanYes
68%
RussiaYes
66%
FranceYes
66%
EgyptYes
63%
LesothoYes
63%
AustraliaYes
61%
New ZealandYes
58%
EnglandYes
53%
ChinaYes
50%

Score Distribution

Percentile by Number Answered

Percent of People with Each Score

Your Score History

You have not taken this quiz